000 01048cam a22003257a 4500
003 CHAP
005 20220817043344.0
008 971013s1962 r 00010 d
010 _a73000
011 _a73972
035 _a83530
040 _cCHAP
090 _aFolleto 5734
100 0 0 _aCanizo Gómez, José del.
245 1 3 _aLa caspilla perniciosa
_b: plaga o piojo de San José
260 _aMadrid :
_bMinisterio de Agricultura,
_c1962
300 _a16 p.
_b: ilus.
490 0 _aMinisterio de Agricultura. Hojas divulgadoras
590 _aBATCH-UPD
_b10
_c20130110
_lUCH01
_h0246
590 _aBATCH-UPD
_b10
_c20130110
_lUCH01
_h2024
590 _aBATCH-UPD
_b10
_c20130410
_lUCH01
_h1341
590 _aBATCH-UPD
_b10
_c20130914
_lUCH01
_h2121
590 _aCONVERSION
_b10
_c20130109
_lUCH01
_h1340
650 1 4 _aArboles frutales
_xPlagas.
_96683
650 1 4 _aAspidiotus.
_98128
830 0 _aMinisterio de Agricultura. Hojas divulgadoras
901 _aBK
942 _cFOLL
949 _aFolleto 5734
_bBC
_cFOLL
_d-38125
_eTS1
_i83530
_mD
_si
999 _c73000
_d73000